000 01099cam a22002897a 4500
001 563
005 20231018153534.0
020 _a9780375853944
020 _a0375853944
040 _aDLC
_cDLC
_dDLC
_beng
050 0 0 _aMLCS 2012/44618 (P)
100 1 _aPark, Barbara.
245 1 0 _aJunie B. double edition! :
_bJunie B., first grader (at last!) ; and Junie B., first grader : toothless wonder /
_cBarbara Park ; illustrated by Denise Brunkus.
250 _a1st Omnibus ed.
260 _aNew York :
_bScholastic.
_c2002.
300 _a162 pages :
_billustrations ;
_c22 cm.
490 0 _aJunie B. Jones
505 0 _aH
520 _aJunie B. Jones learns some interesting things about the Tooth Fairy when she becomes the first student in Room One to lose an upper tooth.
521 _a510
_bLexile
521 _aH
_bRaz-Plus
700 1 _aBrunkus, Denise,
_eillustrator
700 1 2 _aPark, Barbara.
_tJunie B., first grader (at last!)
700 1 2 _aPark, Barbara.
_tJunie B., first grader : toothless wonder.
906 _a7
_bcbc
_ccopycat
_d4
_encip
_f20
_gy-gencatlg
942 _2ddc
_cBK
_n0
999 _c563
_d563